000 00743cam a22002533a 4500
001 2228
003 PGUSA
005 20140828083012.0
008 000601s2000||||xxu|||||s|||||000 p eng d
040 _aPGUSA
_beng
042 _adc
050 4 _aPT
100 1 _aGoethe, Johann Wolfgang von,
_d1749-1832
245 1 0 _aReineke Fuchs
_h[electronic resource] /
_cJohann Wolfgang von Goethe
260 _bProject Gutenberg,
_c2000
506 _aPublic domain in the USA.
516 _aElectronic text
653 _aGerman poetry -- 18th century
653 _aEpic poetry
653 _aReynard the Fox (Legendary character) -- Poetry
830 0 _aProject Gutenberg
_v2228
856 4 0 _uhttp://www.gutenberg.org/ebooks/2228
942 _cEB
999 _c231565
_d231565